|
|
|
|
| LEADER |
00000nam0a2200000 4500 |
| 001 |
80617 |
| 005 |
20231031094742.0 |
| 035 |
|
|
|a (RuTPU)RU\TPU\book\86647
|
| 090 |
|
|
|a 80617
|
| 100 |
|
|
|a 20050907d1967 k y0rusy50 ca
|
| 101 |
0 |
|
|a rus
|
| 102 |
|
|
|a RU
|
| 105 |
|
|
|a a z 001zy
|
| 200 |
1 |
|
|a Нелинейные системы автоматического регулирования (расчет и проектирование)
|f Е. И. Хлыпало
|
| 210 |
|
|
|a Ленинград
|c Энергия
|d 1967
|
| 215 |
|
|
|a 452 с.
|c черт.
|
| 320 |
|
|
|a Библиогр.: с. 445-448
|
| 610 |
1 |
|
|a автоматические системы
|
| 610 |
1 |
|
|a нелинейные системы
|
| 610 |
1 |
|
|a проектирование
|
| 610 |
1 |
|
|a расчет
|
| 610 |
1 |
|
|a проектирование
|
| 675 |
|
|
|a 621.012
|v 3
|
| 700 |
|
1 |
|a Хлыпало
|b Е. И.
|g Евгений Иванович
|
| 801 |
|
1 |
|a RU
|b 63413507
|c 20050907
|g PSBO
|
| 801 |
|
2 |
|a RU
|b 63413507
|c 20230201
|g PSBO
|
| 942 |
|
|
|c BK
|